Loading...
| Auditory Arts | 3 | 1 | 1 | 2 | 50 | 26 | 73.75 | 3 | 3 |
| Visual Arts | 3 | 1 | 1 | 0 | 50 | 55 | 68.50 | 1 | 3 |
| Social Science | 2 | 2 | 1 | 0 | 45 | 61 | 65.50 | 2 | 3 |
| Science - Physics | 0 | 4 | 0 | 2 | 40 | 84 | 115.75 | 0 | 4 |
| Science - Other Science | 2 | 2 | 2 | 0 | 40 | 28 | 70.25 | 2 | 4 |
| History - Ancient History | 1 | 1 | 0 | 0 | 25 | 50 | 67.00 | 2 | 2 |
| Literature - World Literature | 1 | 1 | 0 | 0 | 25 | 65 | 66.50 | 0 | 2 |
| Science - Biology | 1 | 2 | 2 | 1 | 25 | 36 | 64.67 | 1 | 2 |
| Geography | 1 | 1 | 1 | 0 | 20 | 32 | 59.50 | 1 | 1 |
| Literature - British Literature | 1 | 0 | 0 | 0 | 15 | 53 | 53.00 | 0 | 1 |
| History - American History | 0 | 2 | 1 | 1 | 15 | 68 | 100.50 | 1 | 2 |
| History - Other History | 1 | 0 | 0 | 0 | 15 | 48 | 48.00 | 1 | 1 |
| History - World History | 1 | 1 | 2 | 0 | 15 | 39 | 62.50 | 2 | 2 |
| Literature - American Literature | 1 | 0 | 0 | 0 | 15 | 52 | 52.00 | 0 | 1 |
| Beliefs | 0 | 1 | 1 | 0 | 5 | 100 | 100.00 | 0 | 1 |
| Science - Chemistry | 0 | 1 | 1 | 0 | 5 | 74 | 74.00 | 1 | 1 |
| Fine Arts - Other Arts | 0 | 0 | 0 | 0 | 0 | 0.00 | 0 | 0 | |
| Literature - European Literature | 0 | 0 | 1 | 0 | -5 | 0.00 | 0 | 0 | |
| Current Events | 0 | 0 | 1 | 0 | -5 | 0.00 | 0 | 0 | |
| Philosophy | 0 | 0 | 2 | 0 | -10 | 0.00 | 0 | 0 |